Urnas de Oaxaca (Record no. 10077)

MARC details
000 -CABECERA
campo de control de longitud fija 00838nam a2200265 a 4500
001 - NÚMERO DE CONTROL
campo de control BRL_1265
005 - FECHA Y HORA DE LA ÚLTIMA TRANSACCIÓN
campo de control 20190320211122.0
008 - DATOS DE LONGITUD FIJA--INFORMACIÓN GENERAL
campo de control de longitud fija 091213s1952----mx-a######---#000-0#spa-#
041 ## - CÓDIGO DE LENGUA
Código de lengua del texto/banda sonora o título independiente spa
044 ## - CÓDIGO DEL PAÍS DE LA ENTIDAD EDITORA/PRODUCTORA
Código MARC del país mx
050 #4 - SIGNATURA TOPOGRÁFICA DE LA BIBLIOTECA DEL CONGRESO
Número de clasificación NK4032.O19
Número de documento/Ítem .C37 1952
100 1# - ENTRADA PRINCIPAL--NOMBRE DE PERSONA
Nombre de persona Caso, Alfonso
Fechas asociadas al nombre 1896-1970
9 (RLIN) 18336
245 10 - MENCIÓN DE TÍTULO
Título Urnas de Oaxaca
Mención de responsabilidad, etc. por Alfonso Caso e Igancio Bernal.
260 ## - PUBLICACIÓN, DISTRIBUCIÓN, ETC.
Lugar de publicación, distribución, etc. México
Nombre del editor, distribuidor, etc. Instituto Nacional de Antropología e Historia
Fecha de publicación, distribución, etc. 1952
300 ## - DESCRIPCIÓN FÍSICA
Extensión 389 p.
Otras características físicas il., láminas
Dimensiones 32 cm.
440 #0 - MENCIÓN DE SERIE/PUNTO DE ACCESO ADICIONAL--TÍTULO
Título Memorias del Instituto Nacional de Antropología e Historia
Designación de volumen o secuencia 2
9 (RLIN) 26320
500 ## - NOTA GENERAL
Nota general Au1449
504 ## - NOTA DE BIBLIOGRAFÍA, ETC.
Nota de bibliografía, etc. Bibliografía: p. 383-386
650 14 - PUNTO DE ACCESO ADICIONAL DE MATERIA--TÉRMINO DE MATERIA
Término de materia o nombre geográfico como elemento de entrada Urnas
9 (RLIN) 26321
650 14 - PUNTO DE ACCESO ADICIONAL DE MATERIA--TÉRMINO DE MATERIA
Término de materia o nombre geográfico como elemento de entrada Cerámica
Subdivisión geográfica Oaxaca (México)
9 (RLIN) 26322
650 14 - PUNTO DE ACCESO ADICIONAL DE MATERIA--TÉRMINO DE MATERIA
Término de materia o nombre geográfico como elemento de entrada Alfarería
Subdivisión geográfica Oaxaca (México)
9 (RLIN) 26323
700 1# - PUNTO DE ACCESO ADICIONAL--NOMBRE DE PERSONA
Nombre de persona Bernal, Ignacio
9 (RLIN) 778
902 ## - CATALOGADOR
Iniciales GRL
942 ## - ELEMENTOS DE PUNTO DE ACCESO ADICIONAL (KOHA)
Fuente del sistema de clasificación o colocación Library of Congress Classification
Tipo de ítem Koha Libros
Holdings
Estado de retiro Estado de pérdida Estado dañado No para préstamo Localización permanente Ubicación/localización actual Fecha de adquisición Número de inventario Total de préstamos Signatura topográfica completa Código de barras Fecha visto por última vez Precio válido a partir de Tipo de ítem Koha
El ejemplar forma parte de la colección y puede ser consultado según las políticas vigentes.       Biblioteca Centro de Estudios Ruth D. Lechuga Biblioteca Centro de Estudios Ruth D. Lechuga 09/12/2013 Au1449   NK4032.O19 .C37 1952 (Au1449) GRL01398 22/03/2019 22/03/2019 Libros